[Event "Unna Open 2022"]
[Site "Unna"]
[Date "2022.12.27"]
[Round "1.26"]
[White "Arnoldi, Ekkehard"]
[Black "Gehring, Sven"]
[Result "0-1"]
[WhiteElo "1484"]
[BlackElo "1843"]
[Annotator "Medger,Gernot"]
[PlyCount "56"]
[EventDate "2022.12.??"]
[EventType "tourn"]
[EventRounds "7"]
[EventCountry "GER"]

1. d4 Nf6 2. Bf4 g6 3. c4 Bg7 4. Nc3 O-O 5. Qd2 c6 6. Bh6 Bxh6 7. Qxh6 Qb6 8.
Qd2 d5 9. c5 Qc7 10. f4 Bf5 11. Nf3 Nbd7 12. e3 b6 13. b4 a5 14. Nh4 axb4 15.
Nxf5 bxc3 16. Nxe7+ Kg7 17. Qxc3 bxc5 18. dxc5 Rfe8 19. g4 Rxe7 20. g5 Qxf4 21.
gxf6+ Qxf6 22. Qxf6+ Kxf6 23. Kd2 Nxc5 24. Bg2 Rea7 25. Rhf1+ Ke5 26. Rf2 Rxa2+
27. Rxa2 Rxa2+ 28. Ke1 Nd3+ 0-1

[Event "Unna Open 2022"]
[Site "Unna"]
[Date "2022.12.27"]
[Round "1.27"]
[White "Brieger, Sebastian"]
[Black "Neumann, Michael"]
[Result "1-0"]
[WhiteElo "1645"]
[BlackElo "1298"]
[Annotator "Medger,Gernot"]
[PlyCount "47"]
[EventDate "2022.12.??"]
[EventType "tourn"]
[EventRounds "7"]
[EventCountry "GER"]

1. e4 e5 2. Nf3 Nc6 3. d4 exd4 4. Bc4 h6 5. O-O Bc5 6. c3 Qf6 7. e5 Qf5 8. cxd4
Bb6 9. Nc3 Nge7 10. Nh4 Qh7 11. Be3 g5 12. Bd3 Qg7 13. Nf5 Nxf5 14. Bxf5 Ne7
15. Bc2 f5 16. exf6 Qxf6 17. f4 g4 18. Qxg4 Bxd4 19. Qh5+ Kd8 20. Bxd4 Qxd4+
21. Kh1 d6 22. f5 Nd5 23. Rad1 Nf6 24. Qf7 1-0

[Event "Unna Open 2022"]
[Site "Unna"]
[Date "2022.12.27"]
[Round "1.28"]
[White "Palermo, Julian"]
[Black "Meyer, Ulrich"]
[Result "0-1"]
[WhiteElo "1297"]
[BlackElo "1859"]
[Annotator "Medger,Gernot"]
[PlyCount "48"]
[EventDate "2022.12.??"]
[EventType "tourn"]
[EventRounds "7"]
[EventCountry "GER"]

1. c4 c5 2. Nc3 Nc6 3. g3 e5 4. Bg2 d6 5. d3 Be6 6. e4 Be7 7. Nge2 Qd7 8. O-O
h5 9. f4 f5 10. Nd5 Nf6 11. Nxe7 Nxe7 12. fxe5 dxe5 13. Bg5 O-O-O 14. exf5 Nxf5
15. Qb3 h4 16. g4 Nxg4 17. Bxd8 Rxd8 18. Nc3 Nfe3 19. Nb5 Nxg2 20. Kxg2 Ne3+
21. Kf2 Nxf1 22. Rxf1 a6 23. Nc3 Qxd3 24. Kg1 Bxc4 0-1

[Event "Unna Open 2022"]
[Site "Unna"]
[Date "2022.12.27"]
[Round "1.29"]
[White "Kampert, Andreas"]
[Black "Conradi, Rolf"]
[Result "1-0"]
[WhiteElo "1930"]
[BlackElo "1287"]
[Annotator "Medger,Gernot"]
[PlyCount "53"]
[EventDate "2022.12.??"]
[EventType "tourn"]
[EventRounds "7"]
[EventCountry "GER"]

1. c4 Nf6 2. g3 e5 3. Nc3 Bb4 4. Bg2 d6 5. Qa4+ Nc6 6. Bxc6+ bxc6 7. Qxb4 O-O
8. d3 Bd7 9. Qb3 Qc8 10. Bg5 Ne8 11. Be7 Rb8 12. Qc2 Qb7 13. Bxf8 Kxf8 14. Nf3
Nf6 15. b3 h6 16. O-O-O Kg8 17. h3 Re8 18. g4 g5 19. Nd2 d5 20. f3 d4 21. Nce4
Nxe4 22. Nxe4 Re6 23. Nc5 Qc8 24. Nxe6 Bxe6 25. h4 Qd8 26. hxg5 Qxg5+ 27. Qd2
1-0

[Event "Unna Open 2022"]
[Site "Unna"]
[Date "2022.12.27"]
[Round "1.30"]
[White "Ait Khouya, Muhammad"]
[Black "Medger, Gernot"]
[Result "0-1"]
[WhiteElo "1277"]
[BlackElo "1822"]
[Annotator "Medger,Gernot"]
[PlyCount "80"]
[EventDate "2022.12.??"]
[EventType "tourn"]
[EventRounds "7"]
[EventCountry "GER"]

1. e4 d5 2. exd5 Qxd5 3. Nc3 Qa5 4. d4 Nf6 5. Nf3 Bf5 6. Bd2 e6 7. a3 c6 8. Bc4
Qc7 9. Ne5 Nbd7 10. Bf4 Bd6 11. Qe2 O-O 12. O-O Rad8 13. b4 Nd5 14. Nxd5 cxd5
15. Bb3 a6 16. c4 dxc4 17. Bxc4 b5 18. Bb3 Qc3 19. Qe3 Qxe3 20. fxe3 Bxe5 21.
dxe5 Nb6 22. Rfd1 Rd3 23. Rxd3 Bxd3 24. a4 bxa4 25. Bxa4 Nd5 26. b5 axb5 27.
Bb3 Nc3 28. g4 h6 29. h4 Be4 30. Kf2 Rd8 31. Ke1 Ra8 32. Rxa8+ Bxa8 33. g5 hxg5
34. hxg5 g6 35. Kd2 Ne4+ 36. Kd3 Kf8 37. Kd4 Nd2 38. Ba2 Ke8 39. Kc5 Ne4+ 40.
Kxb5 Nc3+ 0-1

[Event "Unna Open 2022"]
[Site "Unna"]
[Date "2022.12.27"]
[Round "1.31"]
[White "Hart, Theo"]
[Black "Jorke, Roland"]
[Result "1-0"]
[WhiteElo "1889"]
[BlackElo "1386"]
[Annotator "Medger,Gernot"]
[PlyCount "66"]
[EventDate "2022.12.??"]
[EventType "tourn"]
[EventRounds "7"]
[EventCountry "GER"]

1. e3 d5 2. d4 Nf6 3. Nf3 Bg4 4. Nbd2 e6 5. Bd3 Be7 6. c3 c5 7. Bb5+ Nc6 8. Qa4
Qb6 9. Ne5 Rc8 10. Nxg4 Nxg4 11. Nf3 O-O 12. O-O c4 13. h3 Nf6 14. Bxc6 bxc6
15. Rb1 Ne4 16. Bd2 a6 17. Qc2 Bf6 18. b3 cxb3 19. axb3 h6 20. Rfc1 Ra8 21. Be1
Rfb8 22. c4 Qd8 23. Ra1 Qb6 24. Rcb1 Qb7 25. Ra4 Qc8 26. Rba1 Be7 27. c5 Qb7
28. b4 Bd8 29. Qd3 Qb5 30. Qxb5 cxb5 31. Rxa6 Rxa6 32. Rxa6 Nf6 33. Ne5 Rb7 1-0

[Event "Unna Open 2022"]
[Site "Unna"]
[Date "2022.12.27"]
[Round "1.32"]
[White "Senel, Serdar"]
[Black "Hart, Klaus"]
[Result "0-1"]
[WhiteElo "1228"]
[BlackElo "1784"]
[Annotator "Medger,Gernot"]
[PlyCount "84"]
[EventDate "2022.12.??"]
[EventType "tourn"]
[EventRounds "7"]
[EventCountry "GER"]

1. d4 e6 2. Nf3 d5 3. e3 c5 4. b3 Nf6 5. Nbd2 Nc6 6. Bb2 Bd6 7. Bd3 O-O 8. O-O
cxd4 9. exd4 a6 10. Ne5 Qc7 11. f4 Nb4 12. Rf3 Nxd3 13. Rxd3 Nd7 14. c4 f6 15.
c5 Nxc5 16. dxc5 Bxc5+ 17. Kh1 fxe5 18. Rc1 Qe7 19. Bxe5 Bd6 20. Qh5 g6 21.
Bxd6 Qxd6 22. Rh3 gxh5 23. g3 e5 24. Rxh5 exf4 25. gxf4 Rf5 26. Rxc8+ Rxc8 27.
Rxf5 Rc1+ 28. Kg2 Qg6+ 29. Rg5 Qxg5+ 30. fxg5 Rc2 31. Kf3 Rxd2 32. h4 Rxa2 33.
h5 Ra3 34. g6 hxg6 35. hxg6 Rxb3+ 36. Kf4 d4 37. Kg5 d3 38. Kh6 d2 39. Kg5 a5
40. Kh6 Rg3 41. g7 d1=R 42. Kh5 Rh1# 0-1

[Event "Unna Open 2022"]
[Site "Unna"]
[Date "2022.12.27"]
[Round "1.33"]
[White "Schirmbeck, Markus"]
[Black "Weiner, Marc"]
[Result "1-0"]
[WhiteElo "1790"]
[BlackElo "1531"]
[Annotator "Medger,Gernot"]
[PlyCount "87"]
[EventDate "2022.12.??"]
[EventType "tourn"]
[EventRounds "7"]
[EventCountry "GER"]

1. e4 e5 2. Nf3 Nf6 3. Nxe5 Nxe4 4. d3 Nf6 5. Nc3 Bb4 6. Bd2 O-O 7. Be2 Re8 8.
Nf3 Nc6 9. O-O d5 10. Bg5 h6 11. Bh4 Bf5 12. Bxf6 gxf6 13. a3 Bxc3 14. bxc3 Ne5
15. Nh4 Bg6 16. Bh5 f5 17. g3 Bxh5 18. Qxh5 Qg5 19. Qxg5+ hxg5 20. Nxf5 f6 21.
Kg2 Kf7 22. Rfe1 Nc6 23. Nd4 Nxd4 24. cxd4 Rad8 25. f3 Rd6 26. Rxe8 Kxe8 27. h4
gxh4 28. gxh4 f5 29. Kg3 Kf7 30. Kf4 Rh6 31. Kg5 Rh8 32. h5 b6 33. Re1 Rg8+ 34.
Kxf5 Rg2 35. c4 dxc4 36. dxc4 a5 37. Re6 Rg3 38. Rf6+ Ke7 39. Ke5 Rh3 40. Rf5
c6 41. d5 cxd5 42. cxd5 b5 43. d6+ Ke8 44. Ke6 1-0

[Event "Unna Open 2022"]
[Site "Unna"]
[Date "2022.12.27"]
[Round "1.34"]
[White "Luccone, Constantin"]
[Black "Hofer, Stefan"]
[Result "0-1"]
[WhiteElo "1190"]
[BlackElo "1767"]
[Annotator "Medger,Gernot"]
[PlyCount "90"]
[EventDate "2022.12.??"]
[EventType "tourn"]
[EventRounds "7"]
[EventCountry "GER"]

1. e4 c5 2. Nf3 d6 3. d4 cxd4 4. Nxd4 Nf6 5. Bd3 a6 6. Nf3 e6 7. Nc3 Be7 8. Bf4
O-O 9. O-O b5 10. a3 Bb7 11. Qe2 e5 12. Bg3 Nbd7 13. Rfd1 Qb6 14. Qe3 Qxe3 15.
fxe3 Nb6 16. Bf2 Rac8 17. Rd2 Nc4 18. Bxc4 Rxc4 19. Re2 Nxe4 20. Nxe4 Bxe4 21.
c3 Bb7 22. Nd2 Rcc8 23. Rae1 f6 24. e4 d5 25. exd5 Bxd5 26. Nf3 Bxf3 27. gxf3
g5 28. Kg2 Rfd8 29. Be3 Bc5 30. Bxc5 Rxc5 31. Kf2 Kf7 32. Kg3 Rc4 33. h3 Rd3
34. Re3 Rd2 35. b3 Rc6 36. R1e2 Rxe2 37. Rxe2 Rxc3 38. Rb2 e4 39. Kf2 Rxf3+ 40.
Kg2 Ke6 41. a4 b4 42. Re2 Kd5 43. Rd2+ Rd3 44. Rb2 Kd4 45. Kf2 Kc3 0-1

[Event "Unna Open 2022"]
[Site "Unna"]
[Date "2022.12.27"]
[Round "1.35"]
[White "Schulte, Tobias"]
[Black "Dziuk, Dariusz"]
[Result "1/2-1/2"]
[WhiteElo "1784"]
[BlackElo "1161"]
[Annotator "Medger,Gernot"]
[PlyCount "60"]
[EventDate "2022.12.??"]
[EventType "tourn"]
[EventRounds "7"]
[EventCountry "GER"]

1. d4 Nf6 2. Bg5 e6 3. e4 Be7 4. e5 Nd5 5. Bxe7 Qxe7 6. c4 Qb4+ 7. Nd2 Ne7 8.
Rb1 Nbc6 9. Ngf3 b6 10. a3 Qa5 11. b4 Qxa3 12. Rb3 Qa4 13. Qb1 Nf5 14. Qb2 a5
15. b5 Nb4 16. Bd3 Qa2 17. Qc3 Nxd3+ 18. Qxd3 Qa4 19. O-O c6 20. Qc3 cxb5 21.
Ra1 b4 22. Rxa4 bxc3 23. Rxc3 Bb7 24. Rb3 Bc6 25. Ra1 Ne7 26. Rxb6 O-O 27. Ng5
a4 28. Nge4 Nf5 29. d5 exd5 30. cxd5 Bxd5 1/2-1/2

[Event "Unna Open 2022"]
[Site "Unna"]
[Date "2022.12.27"]
[Round "1.36"]
[White "Weiner, Timon Liam"]
[Black "Eiden, Markus"]
[Result "1/2-1/2"]
[WhiteElo "1153"]
[BlackElo "1744"]
[Annotator "Medger,Gernot"]
[PlyCount "94"]
[EventDate "2022.12.??"]
[EventType "tourn"]
[EventRounds "7"]
[EventCountry "GER"]

1. e4 e5 2. Nf3 Nc6 3. Bc4 Bc5 4. c3 Nf6 5. d3 d6 6. a4 a5 7. h3 Be6 8. Bxe6
fxe6 9. Qb3 Qc8 10. O-O O-O 11. Be3 Ba7 12. Nbd2 Ne7 13. d4 exd4 14. cxd4 Kh8
15. Ng5 d5 16. e5 Nfg8 17. Qd3 g6 18. h4 Nf5 19. Ndf3 Qe8 20. Rac1 Rc8 21. Rc3
Ngh6 22. Rb3 Bb6 23. Qb5 Qxb5 24. Rxb5 Rce8 25. Nh2 Nxe3 26. fxe3 Nf5 27. Rb3
h6 28. Ngf3 Ng3 29. Re1 Ne4 30. Ng4 Kg7 31. Nf2 Nxf2 32. Kxf2 g5 33. hxg5 hxg5
34. Ke2 Kg6 35. g4 Rh8 36. Rf1 Rh3 37. Kf2 Rb8 38. Kg2 Rh7 39. Ne1 Rf7 40. Rxf7
Kxf7 41. Nf3 Kg6 42. Rb5 Rh8 43. Rb3 Rg8 44. Kg3 Rg7 45. Rb5 Kf7 46. b4 axb4
47. Rxb4 Kg6 1/2-1/2

[Event "Unna Open 2022"]
[Site "Unna"]
[Date "2022.12.27"]
[Round "1.37"]
[White "Xudagulyan, Xoren"]
[Black "Muhr, Martin"]
[Result "1-0"]
[WhiteElo "1726"]
[BlackElo "1127"]
[Annotator "Medger,Gernot"]
[PlyCount "85"]
[EventDate "2022.12.??"]
[EventType "tourn"]
[EventRounds "7"]
[EventCountry "GER"]

1. d4 d6 2. c4 Nd7 3. Nf3 c5 4. d5 b5 5. cxb5 Ngf6 6. Nc3 Nb6 7. e4 e5 8. h3
Qc7 9. a4 a5 10. bxa6 Bxa6 11. Bxa6 Rxa6 12. Nb5 Qb7 13. Qc2 Nxa4 14. Nxd6+
Bxd6 15. Rxa4 O-O 16. O-O Rxa4 17. Qxa4 Ra8 18. Qc2 Ra2 19. Nd2 Qb5 20. Nc4 Bb8
21. f3 Nd7 22. Be3 f6 23. Rb1 Qa6 24. Qc1 Ba7 25. Kh2 Ra4 26. b3 Ra2 27. Rb2
Ra1 28. Qc3 Rf1 29. Rc2 Ra1 30. Nb2 Qd6 31. Nd3 Ra3 32. Nxc5 Nxc5 33. Bxc5 Bxc5
34. Qxc5 Qxc5 35. Rxc5 Rxb3 36. Rc8+ Kf7 37. Rc7+ Ke8 38. Rxg7 h5 39. Rh7 Rb6
40. Rxh5 Kd7 41. Rh7+ Kd6 42. Rf7 Kc5 43. h4 1-0

[Event "Unna Open 2022"]
[Site "Unna"]
[Date "2022.12.27"]
[Round "1.38"]
[White "Kommessin, Sabine"]
[Black "Zuleger, Detlev"]
[Result "0-1"]
[WhiteElo "1111"]
[BlackElo "1862"]
[Annotator "Medger,Gernot"]
[PlyCount "42"]
[EventDate "2022.12.??"]
[EventType "tourn"]
[EventRounds "7"]
[EventCountry "GER"]

1. e4 c5 2. Bc4 Nc6 3. c3 e6 4. d4 d5 5. exd5 exd5 6. Bb5 Qb6 7. c4 cxd4 8. Nf3
Bg4 9. h3 Bxf3 10. Qxf3 dxc4 11. Bxc4 Qb4+ 12. Bd2 Qxc4 13. Na3 Bxa3 14. bxa3
O-O-O 15. Rc1 Re8+ 16. Kd1 Qb5 17. Qg4+ Kb8 18. Bf4+ Ka8 19. Be5 Qd3+ 20. Ke1
Rxe5+ 21. Qe2 Qxe2# 0-1

[Event "Unna Open 2022"]
[Site "Unna"]
[Date "2022.12.27"]
[Round "1.39"]
[White "Bui, Hoan Tam"]
[Black "Dunker, Fabian"]
[Result "1-0"]
[WhiteElo "1606"]
[BlackElo "1001"]
[Annotator "Medger,Gernot"]
[PlyCount "39"]
[EventDate "2022.12.??"]
[EventType "tourn"]
[EventRounds "7"]
[EventCountry "GER"]

1. e4 c5 2. c3 d6 3. d4 cxd4 4. cxd4 Nd7 5. Nf3 h6 6. Nc3 f6 7. Bc4 e5 8. Qb3
Qe7 9. Bxg8 exd4 10. Nxd4 Nc5 11. Qc4 Nxe4 12. Nxe4 Qxe4+ 13. Ne2 Qxg2 14. Qf7+
Kd8 15. Qxf8+ Kc7 16. Rg1 Rxg8 17. Qf7+ Kb8 18. Rxg2 Rd8 19. Rxg7 f5 20. Qc7#
1-0

[Event "Unna Open 2022"]
[Site "Unna"]
[Date "2022.12.27"]
[Round "1.41"]
[White "Konrad, Alechander"]
[Black "Krüger, Elias Jordan"]
[Result "1-0"]
[WhiteElo "1658"]
[BlackElo "862"]
[Annotator "Medger,Gernot"]
[PlyCount "77"]
[EventDate "2022.12.??"]
[EventType "tourn"]
[EventRounds "7"]
[EventCountry "GER"]

1. e4 e5 2. f4 Nc6 3. Nf3 Be7 4. fxe5 d6 5. Bb5 Bd7 6. d4 dxe5 7. O-O Nf6 8.
Nc3 Bg4 9. d5 Bc5+ 10. Kh1 a6 11. Ba4 b5 12. Bb3 Nd4 13. Qd3 Qd6 14. Bg5 b4 15.
Na4 Nxb3 16. axb3 Bxf3 17. Qxf3 Bd4 18. Bxf6 gxf6 19. Qxf6 Qxf6 20. Rxf6 Rg8
21. c3 bxc3 22. bxc3 Ba7 23. Rxa6 Ke7 24. Nb2 Rgb8 25. Rxa7 Rxa7 26. Rxa7 Kd7
27. b4 Rg8 28. h3 Rg3 29. Nc4 f6 30. d6 Rxc3 31. Rxc7+ Kd8 32. b5 Rc1+ 33. Kh2
Ra1 34. Rxh7 Ra4 35. Nb6 Ke8 36. Nxa4 f5 37. b6 f4 38. b7 f3 39. b8=Q# 1-0

[Event "Unna Open 2022"]
[Site "Unna"]
[Date "2022.12.27"]
[Round "1.42"]
[White "Le, Elias"]
[Black "Kappelhoff, Pius"]
[Result "1/2-1/2"]
[WhiteElo "835"]
[BlackElo "1627"]
[Annotator "Medger,Gernot"]
[PlyCount "89"]
[EventDate "2022.12.??"]
[EventType "tourn"]
[EventRounds "7"]
[EventCountry "GER"]

1. e4 c6 2. d4 d5 3. Nc3 dxe4 4. Nxe4 Bf5 5. Bd3 Qxd4 6. Ng3 Bxd3 7. cxd3 Nf6
8. Nf3 Qd8 9. O-O e6 10. Bg5 Be7 11. Qb3 Qc7 12. Qc3 Nbd7 13. b3 h6 14. Be3 Nd5
15. Qxg7 Bf6 16. Qg4 Bxa1 17. Rxa1 Nxe3 18. Qg7 O-O-O 19. fxe3 Nb6 20. d4 Nd5
21. Ne5 Nxe3 22. Qxf7 Rhe8 23. Qf4 Nc2 24. Rd1 Rf8 25. Qxh6 Qxe5 26. Qxf8 Nxd4
27. Qf2 Qc5 28. Kh1 Qc2 29. Qxc2 Nxc2 30. Rxd8+ Kxd8 31. Ne4 b6 32. h4 Ke7 33.
g4 Ne3 34. g5 Kf7 35. Kh2 Kg6 36. Kg3 Nf5+ 37. Kg4 Ne3+ 38. Kf4 Ng2+ 39. Kg3
Ne3 40. Nf6 Nf5+ 41. Kf4 Nxh4 42. Ke5 Nf3+ 43. Kxe6 Kxg5 44. Ne4+ Kf4 45. Nd6
1/2-1/2

[Event "Unna Open 2022"]
[Site "Unna"]
[Date "2022.12.27"]
[Round "1.43"]
[White "Reinacher, Detlev"]
[Black "Ait Khouya, Moussa"]
[Result "1-0"]
[WhiteElo "1671"]
[BlackElo "830"]
[Annotator "Medger,Gernot"]
[PlyCount "47"]
[EventDate "2022.12.??"]
[EventType "tourn"]
[EventRounds "7"]
[EventCountry "GER"]

1. e4 e5 2. d3 Nc6 3. g3 d5 4. Nd2 Nf6 5. Bg2 dxe4 6. dxe4 Bb4 7. c3 Bc5 8. b4
Bd6 9. Ngf3 Be6 10. O-O O-O 11. Bb2 Bg4 12. Qc2 a6 13. a3 Bxf3 14. Nxf3 Qe7 15.
c4 b6 16. Rac1 Nd7 17. Rfd1 Rab8 18. Bh3 f5 19. Bxf5 g6 20. Bxd7 Qxd7 21. Nxe5
Qe8 22. Nxc6 Qxc6 23. Qc3 Qxe4 24. Qg7# 1-0

[Event "Unna Open 2022"]
[Site "Unna"]
[Date "2022.12.27"]
[Round "1.44"]
[White "Leufert, Jan-Frederik"]
[Black "Bertschik, Jonas"]
[Result "0-1"]
[WhiteElo "774"]
[BlackElo "1788"]
[Annotator "Medger,Gernot"]
[PlyCount "84"]
[EventDate "2022.12.??"]
[EventType "tourn"]
[EventRounds "7"]
[EventCountry "GER"]

1. d4 d5 2. Nf3 Nf6 3. Bf4 Bf5 4. e3 e6 5. Bd3 Bxd3 6. Qxd3 c6 7. O-O Bd6 8.
Bxd6 Qxd6 9. c3 O-O 10. Nbd2 Nbd7 11. e4 Nxe4 12. Nxe4 dxe4 13. Qxe4 Nf6 14.
Qe5 Rfd8 15. Rae1 Rd7 16. Qxd6 Rxd6 17. Ne5 Rc8 18. Nc4 Rd5 19. Re5 b6 20. Rxd5
Nxd5 21. Nd6 Rd8 22. Ne4 Kf8 23. c4 Nf4 24. Rd1 Rxd4 25. Rxd4 Ne2+ 26. Kf1 Nxd4
27. Ng5 h6 28. Ne4 Ke7 29. c5 bxc5 30. Nxc5 Kd6 31. Nb7+ Kc7 32. Nc5 e5 33.
Na6+ Kd6 34. Nb4 c5 35. Nd3 Kd5 36. b3 f6 37. b4 c4 38. Nc5 c3 39. Ke1 Nc2+ 40.
Kd1 Nxb4 41. Na4 Nxa2 42. Kc2 Kc4 0-1

[Event "Unna Open 2022"]
[Site "Unna"]
[Date "2022.12.27"]
[Round "1.45"]
[White "Kamper, Marco"]
[Black "Schulze-Ardey, Dario"]
[Result "1-0"]
[WhiteElo "1815"]
[BlackElo "767"]
[Annotator "Medger,Gernot"]
[PlyCount "55"]
[EventDate "2022.12.??"]
[EventType "tourn"]
[EventRounds "7"]
[EventCountry "GER"]

1. d4 d5 2. Bg5 Nf6 3. Bxf6 exf6 4. e3 Nc6 5. Nf3 a6 6. Nbd2 Bd6 7. c3 Bf5 8.
Nh4 Be6 9. Bd3 Qd7 10. Qc2 O-O-O 11. Nf5 g6 12. Nxd6+ Qxd6 13. b4 a5 14. Nb3
axb4 15. Nc5 bxc3 16. Qa4 Kb8 17. Rb1 b6 18. Qa6 Na5 19. Qxa5 Bc8 20. Qxc3 Bd7
21. O-O Kc8 22. Qa3 Bc6 23. Ba6+ Kb8 24. Rb5 Bxb5 25. Bb7 c6 26. Qa8+ Kc7 27.
Qa7 Bxf1 28. Ba6# 1-0

[Event "Unna Open 2022"]
[Site "Unna"]
[Date "2022.12.27"]
[Round "2.1"]
[White "Morawietz, Manuel"]
[Black "Hintze, Helge"]
[Result "1/2-1/2"]
[WhiteElo "1903"]
[BlackElo "2224"]
[Annotator "Medger,Gernot"]
[PlyCount "129"]
[EventDate "2022.12.??"]
[EventType "tourn"]
[EventRounds "7"]
[EventCountry "GER"]

1. e4 e6 2. d4 d5 3. exd5 exd5 4. Nf3 Bd6 5. Bd3 Nc6 6. O-O Nge7 7. Re1 Bg4 8.
c3 Qd7 9. Nbd2 Bf5 10. Bf1 O-O 11. b4 f6 12. Nh4 Bg4 13. Qb3 Kh8 14. Bd3 g5 15.
Nhf3 Ng6 16. g3 Nce7 17. Bb2 Bf5 18. Re3 Bxd3 19. Rxd3 b5 20. Ne1 c6 21. Ng2
Rae8 22. a4 a6 23. axb5 axb5 24. Qd1 Ra8 25. Nb3 Ra7 26. Rxa7 Qxa7 27. Qc2 Qa4
28. Rd1 Qa7 29. Re1 Qd7 30. Qe2 Kg7 31. Ne3 Ra8 32. Bc1 f5 33. Qh5 g4 34. f3
gxf3 35. Qxf3 Rf8 36. Ng2 Rf6 37. Bf4 Nc8 38. Be5 Bxe5 39. dxe5 Rf8 40. Nc5 Qe7
41. Nf4 Nxf4 42. Qxf4 Nd6 43. g4 fxg4 44. Qxg4+ Kh8 45. Kh1 Ne4 46. Nxe4 Qxe5
47. Qg3 Re8 48. Qxe5+ Rxe5 49. Kg2 dxe4 50. Kg3 Rg5+ 51. Kf4 Rg2 52. h3 Kg7 53.
Rxe4 Kf6 54. Re3 Rf2+ 55. Kg4 Rf5 56. Re8 h5+ 57. Kh4 Kf7 58. Re4 Rf3 59. c4
Kf6 60. Kxh5 Rxh3+ 61. Kg4 Rc3 62. cxb5 cxb5 63. Kf4 Rb3 64. Kg4 Rd3 65. Kf4
1/2-1/2

[Event "Unna Open 2022"]
[Site "Unna"]
[Date "2022.12.27"]
[Round "2.2"]
[White "Barskij, Aleksandr"]
[Black "Schmücker, Marcus"]
[Result "1/2-1/2"]
[WhiteElo "1882"]
[BlackElo "2237"]
[Annotator "Medger,Gernot"]
[PlyCount "50"]
[EventDate "2022.12.??"]
[EventType "tourn"]
[EventRounds "7"]
[EventCountry "GER"]

1. d4 Nf6 2. Nf3 e6 3. e3 b6 4. c4 c6 5. Bd3 d5 6. b3 Bb7 7. Nbd2 Be7 8. O-O
O-O 9. Bb2 Nbd7 10. Qe2 Rc8 11. Rac1 Rc7 12. Rfd1 c5 13. cxd5 exd5 14. Ne5 Bd6
15. f4 Qe7 16. dxc5 bxc5 17. Ndf3 Nb6 18. a4 c4 19. bxc4 Nxa4 20. Bd4 Nc5 21.
Qa2 Nxd3 22. Rxd3 dxc4 23. Rxc4 Bd5 24. Rxc7 Qxc7 25. Qa1 Ra8 1/2-1/2

[Event "Unna Open 2022"]
[Site "Unna"]
[Date "2022.12.27"]
[Round "2.3"]
[White "Gehring, Sven"]
[Black "Tkachuk, Sergij"]
[Result "0-1"]
[WhiteElo "1843"]
[BlackElo "2244"]
[Annotator "Medger,Gernot"]
[PlyCount "72"]
[EventDate "2022.12.??"]
[EventType "tourn"]
[EventRounds "7"]
[EventCountry "GER"]

1. e4 c5 2. Nf3 d6 3. d4 cxd4 4. Nxd4 Nf6 5. Nc3 g6 6. Be3 Bg7 7. f3 O-O 8. Bc4
Nc6 9. Qd2 Bd7 10. O-O-O Rc8 11. Nxc6 bxc6 12. Bh6 Qa5 13. Bxg7 Kxg7 14. Ne2
Qb6 15. Qd4 Rb8 16. g4 Qxd4 17. Nxd4 Rfd8 18. h4 d5 19. exd5 cxd5 20. Bb3 e5
21. g5 Nh5 22. Ne2 Bc6 23. Rhf1 Rb4 24. f4 Re4 25. Nc3 Rxf4 26. Rxf4 Nxf4 27.
Rd2 d4 28. Ne2 Ng2 29. h5 gxh5 30. Ng3 Kg6 31. Rf2 Nf4 32. Bxf7+ Kxf7 33. Nxh5
Kg6 34. Nxf4+ exf4 35. Rxf4 Kxg5 36. Rf7 Rd7 0-1

[Event "Unna Open 2022"]
[Site "Unna"]
[Date "2022.12.27"]
[Round "2.4"]
[White "Tkachuk, Konstantyn"]
[Black "Brieger, Sebastian"]
[Result "1-0"]
[WhiteElo "2259"]
[BlackElo "1645"]
[Annotator "Medger,Gernot"]
[PlyCount "65"]
[EventDate "2022.12.??"]
[EventType "tourn"]
[EventRounds "7"]
[EventCountry "GER"]

1. e4 c5 2. Nf3 e6 3. d4 cxd4 4. Nxd4 Nc6 5. c4 Nf6 6. Nc3 Bb4 7. Nxc6 bxc6 8.
Bd3 e5 9. O-O O-O 10. Bg5 h6 11. Bh4 Bxc3 12. bxc3 d6 13. Qe2 g5 14. Bg3 Qe7
15. Rab1 Kg7 16. Rb2 Ng4 17. Rfb1 h5 18. f3 Nh6 19. c5 h4 20. cxd6 Qxd6 21. Bf2
Rd8 22. Bc4 Ng8 23. Be3 Qe7 24. Qf2 f6 25. Bc5 Qc7 26. h3 Ne7 27. Rd2 Ng6 28.
Rbd1 Rxd2 29. Qxd2 Qb7 30. Qd6 Rb8 31. Kh2 Qa8 32. Qc7+ Kh6 33. Rd8 1-0

[Event "Unna Open 2022"]
[Site "Unna"]
[Date "2022.12.27"]
[Round "2.5"]
[White "Meyer, Ulrich"]
[Black "Huckebrink, Chris"]
[Result "0-1"]
[WhiteElo "1859"]
[BlackElo "2096"]
[Annotator "Medger,Gernot"]
[PlyCount "46"]
[EventDate "2022.12.??"]
[EventType "tourn"]
[EventRounds "7"]
[EventCountry "GER"]

1. d4 e6 2. Nf3 b6 3. Bf4 Bb7 4. e3 Be7 5. Bd3 d6 6. Nbd2 g5 7. Bg3 g4 8. Ng1
Bxg2 9. Be4 Bxh1 10. Bxh1 d5 11. c4 Nf6 12. Rc1 c6 13. Be5 Nbd7 14. cxd5 cxd5
15. Bc7 Qc8 16. e4 Nc5 17. dxc5 Qxc7 18. cxb6 Qxb6 19. Qa4+ Kf8 20. e5 Qxb2 21.
Ne2 Qxe5 22. f4 gxf3 23. Nxf3 Qd6 0-1

[Event "Unna Open 2022"]
[Site "Unna"]
[Date "2022.12.27"]
[Round "2.6"]
[White "Medger, Gernot"]
[Black "Torres-Kuckel, Rafael"]
[Result "0-1"]
[WhiteElo "1822"]
[BlackElo "2096"]
[Annotator "Medger,Gernot"]
[PlyCount "88"]
[EventDate "2022.12.??"]
[EventType "tourn"]
[EventRounds "7"]
[EventCountry "GER"]

1. c4 e5 2. g3 Nf6 3. Bg2 d5 4. cxd5 Nxd5 5. Nc3 Nb6 6. d3 Be7 7. Nf3 Nc6 8.
O-O O-O 9. a3 a5 10. Be3 Re8 11. Rc1 Bf8 12. Na4 Nd5 13. Bg5 f6 14. Bd2 Kh8 15.
Nc5 Rb8 16. Nb3 Ra8 17. Nc5 b6 18. Ne4 Bb7 19. Qc2 Nd4 20. Qd1 c5 21. Re1 Qd7
22. Nc3 Nxf3+ 23. exf3 Rad8 24. Qa4 Bc6 25. Qg4 Qb7 26. f4 Ne7 27. Qh3 Rxd3 28.
Be3 Ng6 29. Rcd1 Red8 30. Rxd3 Rxd3 31. fxe5 Nxe5 32. Bf4 Bxg2 33. Qxg2 Nf3+
34. Kh1 Qd7 35. Rc1 h6 36. Be3 Ne5 37. Qa8 Kg8 38. Re1 Ng4 39. Bf4 Nxf2+ 40.
Kg2 Ng4 41. Re8 Qf7 42. Rxf8+ Qxf8 43. Qxf8+ Kxf8 44. Bc7 Rd2+ 0-1

[Event "Unna Open 2022"]
[Site "Unna"]
[Date "2022.12.27"]
[Round "2.7"]
[White "Junk, Phillip"]
[Black "Kampert, Andreas"]
[Result "1-0"]
[WhiteElo "2086"]
[BlackElo "1930"]
[Annotator "Medger,Gernot"]
[PlyCount "151"]
[EventDate "2022.12.??"]
[EventType "tourn"]
[EventRounds "7"]
[EventCountry "GER"]

1. e4 c6 2. Nf3 d5 3. Nc3 dxe4 4. Nxe4 Nf6 5. Qe2 Nxe4 6. Qxe4 Nd7 7. Bc4 Nf6
8. Qe2 Bf5 9. d4 e6 10. Bf4 Bd6 11. Bxd6 Qxd6 12. h3 h6 13. c3 Nd5 14. Ne5 a5
15. Bxd5 Qxd5 16. O-O O-O 17. Nc4 Rad8 18. a3 Qb5 19. Rfe1 c5 20. Rad1 cxd4 21.
cxd4 Rd7 22. Ne3 Qxe2 23. Rxe2 Bg6 24. f3 Rfd8 25. Red2 b5 26. Kf2 Kf8 27. Ke2
f6 28. d5 exd5 29. Rxd5 Rxd5 30. Rxd5 Rxd5 31. Nxd5 Bf7 32. Ne3 Be6 33. Kd3 Ke7
34. Kd4 Kd6 35. h4 Kc6 36. b4 axb4 37. axb4 Kd6 38. Nf1 g6 39. Ng3 f5 40. Ne2
Bc4 41. Nf4 g5 42. hxg5 hxg5 43. Ng6 f4 44. Ne5 Bd5 45. Nd3 Bc4 46. Nf2 Bf1 47.
Ne4+ Ke6 48. Nxg5+ Kf5 49. Ne4 Bxg2 50. Nd2 Kg5 51. Ke5 Bh3 52. Ne4+ Kg6 53.
Kxf4 Bd7 54. Ke5 Bc6 55. f4 Kf7 56. Nd6+ Ke7 57. f5 Bd7 58. Ne4 Kf7 59. Ng5+
Kf8 60. Kf6 Ke8 61. Ne6 Bc6 62. Kg7 Bd7 63. Nd4 Bxf5 64. Nxf5 Kd7 65. Kf6 Kc6
66. Ke5 Kb6 67. Kd6 Kb7 68. Kc5 Ka6 69. Kc6 Ka7 70. Kxb5 Kb7 71. Kc5 Kc7 72. b5
Kb7 73. b6 Kb8 74. Kc6 Kc8 75. b7+ Kb8 76. Ng3 1-0